000 00561nam a22001937a 4500
003 OSt
005 20250701021329.0
008 250701b |||||||| |||| 00| 0 eng d
020 _a9786219582667.
040 _aDWCL - Main lib
_cOC
082 _aFil. 696.1 B171m 2018
100 _aBalanoyos, Jerome D.
245 _aMaster plumbing ; reviewer and text/
_cJerome D. Balanoyos
260 _bYRBH Publishing House,
_cc2018.
300 _a443 pages ;
_c 22 cm.
650 _a1. Plumbing.
700 _aErickneil D. Realuyo
942 _2ddc
_cBK - FIL
_kFil.
_n0
999 _c3326
_d3326